Library Banner

اسلام اور مزاہب عالم (Record no. 89396)

MARC details
000 -LEADER
fixed length control field 00480nam a22001457a 4500
005 - DATE AND TIME OF LATEST TRANSACTION
control field 20161223113641.0
008 - FIXED-LENGTH DATA ELEMENTS--GENERAL INFORMATION
fixed length control field 161223b xxu||||| |||| 00| 0 eng d
040 ## - CATALOGING SOURCE
Transcribing agency PK-LaUMT
082 ## - DEWEY DECIMAL CLASSIFICATION NUMBER
Classification number 291
Item number MAZ-I
100 ## - MAIN ENTRY--PERSONAL NAME
Personal name مظہرالدین صدیقی ، محمد
245 ## - TITLE STATEMENT
Title اسلام اور مزاہب عالم
Remainder of title تقابلی مطلعہ
Statement of responsibility, etc محمد مظھرالدین صدیقی
260 ## - PUBLICATION, DISTRIBUTION, ETC. (IMPRINT)
Place of publication, distribution, etc لاہور
Name of publisher, distributor, etc ادارہ ثقافت اسلامیہ
Date of publication, distribution, etc 2014
300 ## - PHYSICAL DESCRIPTION
Extent 246 ص
942 ## - ADDED ENTRY ELEMENTS (KOHA)
Koha item type Books
Holdings
Withdrawn status Lost status Damaged status Home library Current library Date acquired Full call number Barcode Date last seen Price effective from Koha item type
      UMT Main Campus UMT Main Campus 2016-12-23 291 MAZ-I 103579 2026-05-20 2016-12-23 Books